| 000 | 00943nam0a22002651 4500 | ||
|---|---|---|---|
| 001 | rc\2815602 | ||
| 005 | 20250806211055.0 | ||
| 035 | _a(NLR Aleph) 006941352 | ||
| 090 |
_a39452 _c39452 |
||
| 100 | _a20110915d1945 u y0rusy50 ca | ||
| 101 | 0 | _arus | |
| 102 | _aRU | ||
| 105 | _ay z |||c| | ||
| 200 | 1 |
_aВосстание в Собибуровском лагере _e[Концлагерь в Польше] _e[Очерк] _fА. А. Печерский |
|
| 210 |
_aРостов-на-Дону _cРостиздат _d1945 _gтип. им. Калинина |
||
| 215 |
_a64 с. _d13 см. |
||
| 700 | 1 |
_aПечерский _bА. А. _f1909-1990 _gАлександр Аронович _3RU\NLR\AUTH\770132044 |
|
| 801 | 0 |
_aRU _bNLR _gpsbo |
|
| 801 | 1 |
_aRU _bELAR _2rusmarc |
|
| 852 |
_aNLR _jИ24 Г-2/171 |
||
| 942 | _cBOOK | ||
| 945 | _aРоссийская национальная библиотека | ||
| 980 | _aNB | ||
| 980 | _aBV | ||